00579nam a2200169Ia 4500008004100000020001200041041000800053082001500061100002000076245008800096250000600184260005000190300001100240650000900251999001900260952013000279210716s1997 xx 000 0 und d a6547516 aeng a574.5 CAPF aCapra, Fritjof. aWeb of life: a new synthesis of mind and matter.bNew synthesis of mind and matter. a1 aLondonbHarper Collins Publishers Indiac1997 axv,320 aNone c186007d186007 001040708MCAaAIMITbAIMITePremier Bookshopg410.00l0o574.5 CAPFpMCA05515r2025-07-21 00:00:00v328.00w2021-07-16yBK